1675 1868 1706 1517 1949 1872 1739 1916 1080 1312 1472 1906 1874 1675 1271 1241 1799 1194 1588 1106 1405 1701 1969 1151 1173 1992 1046 1473 1610 1880 1550 1828 1230 1853 1732 1354 1938 1281 1672 1955 1897 1490 1844 1864 1111 1336 1864 1009 1184 1912 1822 1053 1321 1666 1768 1838 1566 1608 1291 1865 1214 1064 1364 1172 1936 1464 1350 1517 1853 1665 1803 1285 1830 1780 1365 1524 1845 1658 1662 1757 1915 1356 1738 1937 1055 1212 1103 1226 1391 1054 1650 1336 1167 1703 1824 1427 1680 1002 1656 BCNSPRNW ULIB Ver.6.0+V

เปลี่ยนเป็นภาษาไทย

Change to English
 แสดงรายละเอียดบรรณานุกรม
  กลับหน้าหลัก

Brief Record : Get Marc (ISO 2709) : E-mail record : QR code < ปิดหน้าต่าง
LEADER : 00000nam 2200000uu 4500
001    13399115271
003     ULIB
008    120809s2553||||th 000 0 tha d
020    ^a9789743483332
060  4 ^aWY18.2^bพ953ท
110 1  ^aเพื่อนช่วยจำ
245 00 ^aทบทวนการผดุงครรภ์ MWR=^bMidwifery Review,^cเพื่อนช่วยจำ
246 0  ^aMidwifery Review
260    ^aกรุงเทพฯ:^bเพื่อนช่วยจำ,^c2553
300    ^a216 หน้า
650  7 ^aการผดงครรภ์
650  7 ^aข้อสอบทบทวน
710 1  ^aเพื่อนช่วยจำ
945    ^p199^l0^i032189
945    ^p199^l0^i032188
945    ^p199^l0^i032186
945    ^p199^l0^i032185
945    ^p199^l0^i032184
945    ^p199^l0^i032183
945    ^p199^l0^i032187
945    ^p199^l0^i032182
995    ^aเกษร
999    ^aใช้งานได้ทุกระบบ
รายการนี้ยังไม่มีแท็ก
คุณยังไม่ได้ล็อกอิน คุณสามารถมีกิจกรรมร่วมกับเว็บไซต์ได้ แต่ต้องล็อกอินก่อน ::
  ล็อกอิน

รายการสื่อสารสนเทศ

ลำดับที่ ประเภท เลขเรียก/บาร์โค้ด สถานที่ สถานะ
- ไม่พบข้อมูล -

รายการใกล้เคียง
    หัวเรื่อง [การผดงครรภ์]
    หัวเรื่อง [ข้อสอบทบทวน]

BibComment


ยังไม่เคยถูกคอมเมนท์

คอมเมนท์ทรัพยากรรายการนี้
  คอมเมนท์: ทบทวนการผดุงครรภ..


 Copyright 2026. Bcnsprnw @Library